مندوب ابليس وقصص أخرى
محفوظ في:
المؤلف الرئيسي:
التنسيق: كتاب
اللغة: Undetermined
منشور في:
Alexandria
maktabat almirghny
الوسوم: إضافة وسم
لا توجد وسوم, كن أول من يضع وسما على هذه التسجيلة!
رقم الطلب: P33 NAGA
| LEADER | 00407nam a2200121Ia 4500 | ||
|---|---|---|---|
| 008 | 240404s9999||||xx |||||||||||||| ||und|| | ||
| 050 | 4 | |a P33 NAGA | |
| 100 | 1 | |a عبد اللطيف عبد الحميد النجار. | |
| 245 | 1 | 0 | |a مندوب ابليس وقصص أخرى |c عبد اللطيف عبد الحميد النجار |
| 264 | 1 | |a Alexandria |b maktabat almirghny | |
| 300 | |a 95 |c 22 | ||
| 942 | |2 lcc |c BK | ||
| 999 | |c 58114 |d 58114 | ||
